| 000 | 00574nam a2200193Ia 4500 | ||
|---|---|---|---|
| 005 | 20250626112720.0 | ||
| 008 | 008 250516s9999 xx 000 0 eng d | ||
| 020 | _a9781470473341 | ||
| 040 |
_beng _cSDCL |
||
| 041 |
_aeng _2eng |
||
| 084 | _aB245 R4 | ||
| 100 |
_aCushing, J. M. _9809287 |
||
| 245 | 0 | _aMatrix models for population, disease, and evolutionary dynamics | |
| 260 |
_aAmerica : _bAmerican Mathematical Society, _c2024. |
||
| 300 | _axvi, 274p. | ||
| 490 |
_aStudent mathematical library _vVolume 106 |
||
| 650 | _aMathematics | ||
| 942 |
_cTEXL _2CC |
||
| 999 |
_c1428985 _d1428985 |
||